Communication Disorders: (Record no. 182733)

MARC details
000 -LEADER
fixed length control field 00567nam a22001937a 4500
005 - DATE AND TIME OF LATEST TRANSACTION
control field 20211203111729.0
010 ## - LCCN (DPL NO)
LC control number ENG-130183
020 ## - INTERNATIONAL STANDARD BOOK NUMBER
International Standard Book Number 978-81-939850-1-4
Terms of availability 2500.00
035 ## - SYSTEM CONTROL NUMBER
System control number EN-113715
037 ## - SOURCE OF ACQUISITION
Source of stock number/acquisition DBAD/PUB
082 ## - DEWEY DECIMAL CLASSIFICATION NUMBER
Classification number 380
100 ## - MAIN ENTRY--PERSONAL NAME
Personal name Shirly, G.
245 ## - TITLE STATEMENT
Title Communication Disorders:
Statement of responsibility, etc Shirly G
260 ## - PUBLICATION, DISTRIBUTION, ETC. (IMPRINT)
Place of publication, distribution, etc Thiruvananthapuram
Date of publication, distribution, etc 2020
Name of publisher, distributor, etc National Institute of Speech & Hearing
270 ## - ADDRESS
City Thiruvananthapuram
Address Nish Road
Postal code 695017
300 ## - PHYSICAL DESCRIPTION
Extent xxxii, 534p.
Dimensions 24cm (hbk)
700 ## - ADDED ENTRY--PERSONAL NAME
Personal name Suja K Kunnath
942 ## - ADDED ENTRY ELEMENTS (KOHA)
Source of classification or shelving scheme Dewey Decimal Classification
Item type English Books
Classification part 380
Call number suffix SHI
Holdings
Withdrawn status Lost status Not for loan Collection code Home library Current library Date acquired Source of acquisition Cost, normal purchase price Full call number Barcode Copy number Cost, replacement price Koha item type
      Non-fiction Shahdara Branch Shahdara Branch 03/12/2021 DBAD/PUB 2500.00 380 SHI EN-113715 1 2500.00 English Books

© Delhi Public Library
Hit Counter
free hit counter